<?xml version="1.0" encoding="UTF-8"?>
<record
    xmlns:xsi="http://www.w3.org/2001/XMLSchema-instance"
    xsi:schemaLocation="http://www.loc.gov/MARC21/slim http://www.loc.gov/standards/marcxml/schema/MARC21slim.xsd"
    xmlns="http://www.loc.gov/MARC21/slim">

  <leader>00905naa a22002897i 4500</leader>
  <controlfield tag="001">232493</controlfield>
  <controlfield tag="003">ES-MaBCM</controlfield>
  <controlfield tag="005">20260225141223.0</controlfield>
  <controlfield tag="008">260225s2025    sp ||||| |||| 00| 0 spa d</controlfield>
  <datafield tag="040" ind1=" " ind2=" ">
    <subfield code="c">ES-MaBCM</subfield>
  </datafield>
  <datafield tag="100" ind1="1" ind2=" ">
    <subfield code="a">Roggero, Caterina</subfield>
    <subfield code="9">131195</subfield>
  </datafield>
  <datafield tag="245" ind1="1" ind2="3">
    <subfield code="a">El Pacto por el Mediterr&#xE1;neo :</subfield>
    <subfield code="b">un intento a la baja de reactivar el partenariado</subfield>
    <subfield code="c">Caterina Roggero</subfield>
  </datafield>
  <datafield tag="650" ind1=" " ind2="7">
    <subfield code="a">Relaciones de la Uni&#xF3;n Europea</subfield>
    <subfield code="9">60072</subfield>
  </datafield>
  <datafield tag="651" ind1=" " ind2="4">
    <subfield code="a">Mediterr&#xE1;neo (Regi&#xF3;n)</subfield>
    <subfield code="9">115422</subfield>
  </datafield>
  <datafield tag="651" ind1=" " ind2="4">
    <subfield code="a">Marruecos</subfield>
    <subfield code="9">115352</subfield>
  </datafield>
  <datafield tag="651" ind1=" " ind2="4">
    <subfield code="a">Argelia</subfield>
    <subfield code="9">115550</subfield>
  </datafield>
  <datafield tag="651" ind1=" " ind2="4">
    <subfield code="a">T&#xFA;nez</subfield>
    <subfield code="9">115549</subfield>
  </datafield>
  <datafield tag="651" ind1=" " ind2="4">
    <subfield code="a">Libia</subfield>
    <subfield code="9">115416</subfield>
  </datafield>
  <datafield tag="651" ind1=" " ind2="4">
    <subfield code="a">Egipto</subfield>
    <subfield code="9">115524</subfield>
  </datafield>
  <datafield tag="651" ind1=" " ind2="4">
    <subfield code="a">Israel</subfield>
    <subfield code="9">115528</subfield>
  </datafield>
  <datafield tag="651" ind1=" " ind2="0">
    <subfield code="a">Jordania</subfield>
    <subfield code="9">119295</subfield>
  </datafield>
  <datafield tag="651" ind1=" " ind2="4">
    <subfield code="a">Libia</subfield>
    <subfield code="9">115416</subfield>
  </datafield>
  <datafield tag="651" ind1=" " ind2="4">
    <subfield code="a">Siria</subfield>
    <subfield code="9">115904</subfield>
  </datafield>
  <datafield tag="651" ind1=" " ind2="0">
    <subfield code="a">Palestina</subfield>
    <subfield code="9">118533</subfield>
  </datafield>
  <datafield tag="773" ind1="0" ind2=" ">
    <subfield code="d">Madrid</subfield>
    <subfield code="g">N. 76 (oto&#xF1;o-invierno 2025), p. 14-17 - Loc. S.471</subfield>
    <subfield code="t">Afkar ideas</subfield>
    <subfield code="w">105599</subfield>
  </datafield>
  <datafield tag="942" ind1=" " ind2=" ">
    <subfield code="2">udc</subfield>
    <subfield code="c">AREV</subfield>
  </datafield>
  <datafield tag="999" ind1=" " ind2=" ">
    <subfield code="c">232493</subfield>
    <subfield code="d">232493</subfield>
  </datafield>
  <datafield tag="952" ind1=" " ind2=" ">
    <subfield code="0">0</subfield>
    <subfield code="1">0</subfield>
    <subfield code="2">udc</subfield>
    <subfield code="4">0</subfield>
    <subfield code="7">0</subfield>
    <subfield code="a">BC</subfield>
    <subfield code="b">BC</subfield>
    <subfield code="c">SALA</subfield>
    <subfield code="d">2026-02-25</subfield>
    <subfield code="l">0</subfield>
    <subfield code="r">2026-02-25 14:12:29</subfield>
    <subfield code="w">2026-02-25</subfield>
    <subfield code="y">AREV</subfield>
  </datafield>
</record>
